|
|
|
|
| LEADER |
01336cam a22004091a 4500 |
| 001 |
000035194 |
| 003 |
11468 |
| 005 |
20210327095210.0 |
| 008 |
151106s2008 000 eng |
| 020 |
|
|
|c 398000
|
| 040 |
|
|
|a lnn
|c lnn
|d lnn
|
| 041 |
0 |
|
|a eng
|
| 082 |
1 |
4 |
|a 428.0076
|b To-I
|
| 245 |
1 |
0 |
|a IVY's TOEFL iBT listening :
|b 15 actual tests /
|c Koh Myounghee, [et al.] .
|
| 246 |
3 |
|
|a TOEFL iBT.
|
| 260 |
|
|
|a Tp.HCM :
|b Nxb Tổng hợp Hồ Chí Minh ,
|c 2008.
|
| 300 |
|
|
|a 618p. :
|b ill. ;
|c 28 cm.
|
| 630 |
0 |
4 |
|a English language.
|
| 630 |
0 |
4 |
|a TOEFL.
|
| 650 |
0 |
4 |
|a English language
|x Textbooks for foreign speakers.
|
| 650 |
0 |
4 |
|a English language
|x Listening.
|
| 700 |
1 |
|
|a Myounghee, Kob.
|
| 700 |
1 |
|
|a Younghwal, Park.
|
| 700 |
1 |
|
|a Kyubyong, Park.
|
| 700 |
1 |
|
|a Junghyun, Kim.
|
| 700 |
1 |
|
|a Groleau, Carey.
|
| 700 |
1 |
|
|a Amen IV, Henry John.
|
| OWN |
|
|
|a LNN
|
| 902 |
|
|
|a TKA
|
| AVA |
|
|
|a UDN50
|b LNN
|c English
|d 420.8 KO-M
|e check_holdings
|t Error 5003 Not defined in file expand_doc_bib_avail.
|h N
|j AN
|
| 999 |
|
|
|a From the UDN01
|
| AVA |
|
|
|a UDN50
|b LNN
|c English
|d 420.8 KO-M
|e available
|t Error 5001 Not defined in file expand_doc_bib_avail.
|f 11
|g 0
|h N
|i 0
|j AN
|
| TYP |
|
|
|a Monograph
|
| TYP |
|
|
|a Printed language
|
| 980 |
|
|
|a Mạng thư viện Đại học Đà Nẵng
|